Loading...
Fine Arts - Classical Music | 0 | 2 | 0 | 0 | 20 | 69 | 92.00 | 0 | 2 |
Literature - American Literature | 0 | 2 | 0 | 0 | 20 | 113 | 129.50 | 2 | 2 |
Literature - British Literature | 0 | 2 | 0 | 0 | 20 | 128 | 136.00 | 1 | 2 |
History - American History | 0 | 1 | 0 | 1 | 10 | 126 | 126.00 | 0 | 1 |
History - European History | 0 | 1 | 0 | 0 | 10 | 107 | 107.00 | 1 | 1 |
History - World History | 0 | 1 | 0 | 1 | 10 | 135 | 135.00 | 1 | 1 |
Science - Physics | 0 | 1 | 0 | 1 | 10 | 130 | 130.00 | 0 | 1 |
Social Science | 0 | 1 | 0 | 0 | 10 | 119 | 119.00 | 0 | 1 |
Literature - European Literature | 0 | 1 | 0 | 0 | 10 | 138 | 138.00 | 0 | 1 |
Literature - World Literature | 0 | 1 | 0 | 0 | 10 | 134 | 134.00 | 0 | 1 |
Philosophy | 0 | 1 | 0 | 0 | 10 | 119 | 119.00 | 0 | 1 |
Religion | 0 | 1 | 0 | 0 | 10 | 116 | 116.00 | 0 | 1 |
Fine Arts - Painting & Sculpture | 0 | 1 | 0 | 0 | 10 | 41 | 41.00 | 1 | 1 |
History - Other History | 0 | 0 | 1 | 0 | -5 | 0.00 | 0 | 0 |